[Event "Santo Domingo op"]
[Site "Santo Domingo"]
[Date "2003.11.27"]
[Round "1"]
[White "Van Heeringen, HS."]
[Black "Khenkin, Igor"]
[Result "0-1"]
[WhiteElo "2141"]
[BlackElo "2627"]
[PlyCount "102"]
[EventDate "2003.11.27"]
[EventType "swiss"]
[EventRounds "10"]
[EventCountry "DOM"]
[SourceTitle "CBM 097 Extra"]
[Source "ChessBase"]
[SourceDate "2004.01.13"]
[SourceVersion "1"]
[SourceVersionDate "2004.01.13"]
[SourceQuality "1"]

1. e4 c6 2. d4 d5 3. e5 Bf5 4. Nf3 e6 5. Be2 Nd7 6. 0-0 Bg6 7. Be3 Nh6 8. Nbd2 Nf5 9. c3 Be7 10. Re1 0-0 11. Nf1 c5 12. Bd3 c4 13. Bc2 b5 14. Bd2 a5 15. Ng3 Nxg3 16. Bxg6 fxg6 17. hxg3 b4 18. Qc2 Nb6 19. a3 b3 20. Qc1 h6 21. Nh2 g5 22. g4 Na4 23. Nf1 Kf7 24. Qb1 Ke8 25. Qg6+ Kd7 26. Rab1 Rg8 27. Ng3 Qe8 28. Qxe8+ Rgxe8 29. f3 Nxb2 30. Rxb2 Bxa3 31. Rbb1 a4 32. Nf1 Be7 33. Ra1 a3 34. Reb1 a2 35. Rb2 Ba3 36. Bc1 g6 37. Nd2 h5 38. Nf1 hxg4 39. fxg4 Rf8 40. Nh2 Rf4 41. Rbxa2 bxa2 42. Rxa2 Bxc1 43. Rxa8 Bb2 44. Ra7+ Kc6 45. Ra6+ Kb5 46. Rxe6 Bxc3 47. Nf3 Bxd4+ 48. Kf1 c3 49. Ke2 c2 50. Rc6 Bc5 51. Nxg5 Rf2+ 0-1